[Event "European Rapid 2014"]
[Site "Wroclaw POL"]
[Date "2014.12.20"]
[Round "5.49"]
[White "Stachowiak, Kamil"]
[Black "Jaroch, Karol"]
[Result "1/2-1/2"]
[WhiteTitle "IM"]
[WhiteElo "2449"]
[BlackElo "2159"]
[WhiteFideId "1119966"]
[BlackFideId "1130609"]
[EventDate "2014.12.20"]

1. d4 e6 2. c4 Nf6 3. Nc3 Bb4 4. g3 O-O 5. Bg2 c5 6. Nf3 h6 7. O-O cxd4 8. Nxd4
a6 9. Qb3 Qe7 10. Nc2 Bxc3 11. Qxc3 d6 12. b3 Nc6 13. Bb2 Rd8 14. Rfd1 e5 15.
Ba3 Qc7 16. Rd2 Be6 17. Rad1 Ne8 18. Ne3 Rac8 19. Nd5 Bxd5 20. Bxd5 Nd4 21. Qd3
Nf6 22. Bg2 d5 23. cxd5 Nxd5 24. e3 Nc3 25. exd4 Rxd4 26. Qf1 Nxd1 27. Qxd1 Qc3
28. Rxd4 exd4 29. Bf1 b5 30. Kg2 b4 31. Bxa6 Rc7 32. Bxb4 Qxb4 33. Bc4 Qb7+ 34.
Kg1 Qe4 35. a4 Qe5 36. Qf3 Qe1+ 37. Kg2 g6 38. Qd5 Kh7 39. Qxd4 Qb4 40. h4 Qa5
41. Qf4 Kg7 42. Qd4+ Kg8 43. Qd6 Kg7 44. Kh2 Qa7 45. Qe5+ Kh7 46. Qf6 h5 47. Kg2
Qb7+ 48. Qf3 Qa7 49. Qc3 Qb7+ 50. Kg1 Rd7 51. Be2 Qe4 52. Bf3 Qf5 53. Be2 Re7
54. Bf3 Rd7 55. Be2 Qe4 56. Bf3 Qb1+ 57. Kg2 Rd3 58. Qc5 Qxb3 59. Be4 Rd7 60.
Qxh5+ Kg8 61. Qe5 Qxa4 62. h5 Qd4 63. Qe8+ Kg7 64. hxg6 f6 65. Qa8 Qe5 66. Qa4
Re7 67. Bf3 Kxg6 68. Qg4+ Qg5 69. Qb4 Qe5 70. Qh4 Kg7 71. Qg4+ Qg5 72. Qc8 Qe5
73. Qa8 f5 74. Qa4 Rf7 75. Qh4 f4 76. Qg4+ Kf8 77. Qc8+ Kg7 78. g4 Rc7 79. Qb8
Re7 80. Qb4 Rd7 81. Qc4 Re7 82. Qb4 Rc7 83. Qb8 1/2-1/2

[Event "European Rapid 2014"]
[Site "Wroclaw POL"]
[Date "2014.12.20"]
[Round "5.50"]
[White "Klykow, Lukasz"]
[Black "Mkrtchian, Lilit"]
[Result "0-1"]
[BlackTitle "IM"]
[WhiteElo "2150"]
[BlackElo "2450"]
[WhiteFideId "1106767"]
[BlackFideId "13300601"]
[EventDate "2014.12.20"]

1. e4 e6 2. d4 d5 3. exd5 Qxd5 4. c4 Qd8 5. Nc3 Nf6 6. Nf3 b6 7. Bd3 Bb7 8. Bg5
Be7 9. O-O Nbd7 10. Re1 O-O 11. Ne5 c5 12. Nxd7 Qxd7 13. d5 Rad8 14. Qc2 h6 15.
Bxf6 Bxf6 16. Rad1 exd5 17. cxd5 Rfe8 18. Rxe8+ Qxe8 19. Bc4 Bxc3 20. Qxc3 b5
21. Bf1 Rxd5 22. Rxd5 Bxd5 23. Qxc5 Bxa2 24. Qxb5 Qxb5 25. Bxb5 Kf8 26. Kf1 Ke7
27. Ke2 Kd6 28. b4 Kd5 29. Ke3 g5 30. g3 f6 31. f4 Bb1 32. Kf3 Kd4 33. Kg4 Bg6
34. fxg5 fxg5 35. Bd7 Kc3 36. b5 Kd4 37. h4 gxh4 38. gxh4 Kc5 39. Kf4 Bd3 40.
Kg4 Bxb5 41. Bf5 Be2+ 42. Kf4 a5 43. Ke3 Bc4 44. Kd2 Kb4 45. Kc2 a4 46. Kb2 a3+
47. Ka1 Kc3 48. h5 Kd4 49. Bg6 Ke5 50. Kb1 Kf6 51. Ka1 Be6 52. Be8 Kg5 53. Kb1
Bg4 54. Ka2 Bxh5 55. Bc6 Bg4 56. Kxa3 h5 57. Kb2 h4 58. Kc1 Kf4 59. Kd2 h3 60.
Ke1 Bf3 0-1

[Event "European Rapid 2014"]
[Site "Wroclaw POL"]
[Date "2014.12.20"]
[Round "5.51"]
[White "Eggink, Ryszard"]
[Black "Mihok, Oliver"]
[Result "1-0"]
[BlackTitle "IM"]
[WhiteElo "2236"]
[BlackElo "2464"]
[WhiteFideId "1125869"]
[BlackFideId "728012"]
[EventDate "2014.12.20"]

1. e4 e5 2. Nf3 Nc6 3. Bb5 a6 4. Ba4 Nf6 5. d3 d6 6. O-O Be7 7. Nc3 O-O 8. Bxc6
bxc6 9. d4 exd4 10. Nxd4 Bd7 11. Re1 Rb8 12. Qd3 Qc8 13. b3 Re8 14. Bb2 Bf8 15.
Nf3 Ng4 16. Ne2 Be7 17. Ng3 Be6 18. c4 f6 19. Nd4 Ne5 20. Qc2 Bd7 21. Ndf5 Bf8
22. Rad1 c5 23. Nh5 Be6 24. f4 Nd7 25. Nhg3 Qb7 26. Ne3 a5 27. Bc3 Ra8 28. Nd5
a4 29. Rb1 axb3 30. axb3 Ra7 31. Ra1 Rxa1 32. Rxa1 Rb8 33. Ra3 Nb6 34. Qa2 Ra8
35. Rxa8 Nxa8 36. Nf1 c6 37. Nde3 Nc7 38. Nd2 d5 39. Ba5 Qa7 40. Qa4 d4 41. Nd1
Bd6 42. g3 Qb7 43. Nf2 Na6 44. Nd3 Nb4 45. Bxb4 cxb4 46. c5 Be7 47. Qxb4 Qxb4
48. Nxb4 Bxc5 49. Nxc6 Kf8 50. Kf1 Bg4 51. b4 Bd6 52. b5 d3 53. Na5 Bc5 54. Nac4
Ke7 55. Nb3 Be2+ 56. Ke1 Bb4+ 57. Kf2 Kd7 58. Ke3 Kc7 59. Nb2 Bd1 60. Nxd1 1-0

[Event "European Rapid 2014"]
[Site "Wroclaw POL"]
[Date "2014.12.20"]
[Round "5.52"]
[White "Socko, Monika"]
[Black "Berzinsh, Ivars"]
[Result "1-0"]
[WhiteTitle "GM"]
[WhiteElo "2470"]
[BlackElo "2181"]
[WhiteFideId "1106619"]
[BlackFideId "11600764"]
[EventDate "2014.12.20"]

1. d4 Nf6 2. c4 e5 3. dxe5 Ng4 4. Bf4 Bb4+ 5. Nc3 Nc6 6. Nf3 Qe7 7. Qd5 Bxc3+ 8.
bxc3 f6 9. exf6 Nxf6 10. Qd3 d6 11. g3 Ne5 12. Nxe5 dxe5 13. Bg5 Be6 14. Bg2 c6
15. O-O Qc5 16. Rab1 Bxc4 17. Qf5 O-O 18. Rxb7 Bxe2 19. Re1 Bg4 20. Qxe5 Rae8
21. Qxc5 Rxe1+ 22. Bf1 Bh3 23. Qc4+ Nd5 24. Bd2 Rxf1+ 25. Qxf1 Bxf1 26. Kxf1 h6
27. Rxa7 Rb8 28. c4 Nb6 29. Bc3 Nxc4 30. Rxg7+ Kf8 31. Rg4 Nd6 32. Bb4 1-0

[Event "European Rapid 2014"]
[Site "Wroclaw POL"]
[Date "2014.12.20"]
[Round "5.53"]
[White "Meskovs, Nikita"]
[Black "Polok, Kacper"]
[Result "1-0"]
[WhiteTitle "FM"]
[WhiteElo "2452"]
[BlackElo "2228"]
[WhiteFideId "11602740"]
[BlackFideId "1137158"]
[EventDate "2014.12.20"]

1. d4 e6 2. Nf3 f5 3. g3 Nf6 4. Bg2 d5 5. c4 c6 6. Bf4 Be7 7. Nbd2 O-O 8. Ne5
Nbd7 9. O-O Nxe5 10. Bxe5 Bd7 11. c5 Be8 12. b4 Nd7 13. Nb3 Bh5 14. Qd2 g5 15.
a4 Bf6 16. Bd6 Rf7 17. Na5 Nf8 18. b5 Rc8 19. bxc6 bxc6 20. Rab1 Ng6 21. Rb3 Be7
22. Nb7 Qd7 23. Bxe7 Rxe7 24. Nd6 Rf8 25. Qxg5 Bxe2 26. Re1 Ba6 27. Rbe3 Kg7 28.
Bh3 h6 29. Qh5 Bc8 30. Bf1 Rf6 31. Bd3 Qd8 32. h4 Qf8 33. f4 Rc7 34. Kh2 Bd7 35.
a5 Nh8 36. Rg1 Nf7 37. g4 Nxd6 38. g5 Be8 39. gxf6+ Kxf6 40. Qe2 Ne4 41. Bxe4
dxe4 42. Qb2 Ke7 43. Qb8 Rd7 44. Rb3 Qf6 45. Rg8 Qxh4+ 46. Rh3 Qf2+ 47. Rg2 Qxd4
48. Rxh6 Kf8 49. Rg8+ Kxg8 50. Qxe8+ Kg7 51. Rg6+ 1-0

[Event "European Rapid 2014"]
[Site "Wroclaw POL"]
[Date "2014.12.20"]
[Round "5.54"]
[White "Jaracz, Barbara"]
[Black "Kuzmicz, Krystian"]
[Result "0-1"]
[WhiteTitle "WGM"]
[BlackTitle "IM"]
[WhiteElo "2246"]
[BlackElo "2469"]
[WhiteFideId "1107453"]
[BlackFideId "1119125"]
[EventDate "2014.12.20"]

1. e4 c5 2. Nf3 g6 3. d4 Bg7 4. Nc3 Qa5 5. Be3 Nf6 6. Qd2 cxd4 7. Nxd4 Nc6 8.
Nb3 Qc7 9. f3 d6 10. O-O-O Be6 11. Kb1 O-O 12. g4 Ne5 13. Be2 Nc4 14. Bxc4 Bxc4
15. h4 a5 16. Nd4 a4 17. a3 Rfb8 18. h5 b5 19. hxg6 hxg6 20. g5 Nh5 21. Nd5 Bxd5
22. exd5 b4 23. axb4 a3 24. b3 Qb7 25. Ka2 Qxd5 26. c4 Qb7 27. b5 Rc8 28. Nc6
Rxc6 29. bxc6 Qxc6 30. Qd5 Qa6 31. Bd4 Nf4 32. Qb5 Qxb5 33. cxb5 e5 34. Be3 Ne2
35. Rd3 d5 36. Re1 e4 37. Rxe2 exd3 38. Rd2 Rb8 39. Rxd3 Rxb5 40. Kxa3 d4 41.
Bd2 f5 42. gxf6 Bxf6 43. b4 Kf7 44. Ka4 Rb7 45. b5 Ke6 46. Kb4 Kd5 47. Rb3 Be7+
48. Ka5 Ra7+ 0-1

[Event "European Rapid 2014"]
[Site "Wroclaw POL"]
[Date "2014.12.20"]
[Round "5.55"]
[White "Petrosyan, Tigran S."]
[Black "Olkhovskiy, Alexander"]
[Result "1-0"]
[WhiteTitle "FM"]
[WhiteElo "2429"]
[BlackElo "2135"]
[WhiteFideId "13303678"]
[BlackFideId "34188611"]
[EventDate "2014.12.20"]

1. Nf3 Nf6 2. g3 d5 3. Bg2 e6 4. O-O g6 5. d4 Bg7 6. c4 O-O 7. Nc3 Ne4 8. Qd3 f5
9. Bf4 Nc6 10. Rad1 b6 11. cxd5 exd5 12. Ne5 Nb4 13. Qb1 Be6 14. a3 Na6 15. Qc1
Qe8 16. Bh6 Rd8 17. Bxg7 Kxg7 18. Nd3 Bg8 19. Rfe1 c5 20. dxc5 d4 21. Nb1 bxc5
22. Nd2 Nxd2 23. Qxd2 Bb3 24. Rc1 c4 25. Nb4 Nc5 26. Nd5 Ne4 27. Qxd4+ Kg8 28.
Bxe4 fxe4 29. Nf6+ Rxf6 30. Qxf6 Rd7 31. Rc3 Rf7 32. Qd4 Rd7 33. Qe3 a5 34. Rxb3
cxb3 35. Qxb3+ Qf7 36. Qxf7+ Kxf7 37. Rb1 Rd2 38. Kf1 a4 39. b3 axb3 40. Rxb3
Kf6 41. e3 Ra2 42. Rb6+ Kf5 43. Rb5+ Kf6 44. Ra5 h5 45. Kg2 g5 46. h3 Ra1 47.
Ra8 g4 48. hxg4 hxg4 49. a4 Ra2 50. a5 Ra1 51. a6 Kf7 52. a7 Ra2 53. Rh8 Kg7 54.
Ra8 Kh7 55. Kg1 Ra1+ 56. Kg2 1-0

[Event "European Rapid 2014"]
[Site "Wroclaw POL"]
[Date "2014.12.20"]
[Round "5.56"]
[White "Piotrowski, Przemyslaw"]
[Black "Fargere, Francois"]
[Result "1-0"]
[BlackTitle "GM"]
[WhiteElo "2200"]
[BlackElo "2418"]
[WhiteFideId "1127063"]
[BlackFideId "615935"]
[EventDate "2014.12.20"]

1. e4 c5 2. Nf3 e6 3. d4 cxd4 4. Nxd4 Nc6 5. Be3 Nf6 6. Bd3 d5 7. Nd2 Be7 8. O-O
e5 9. Nxc6 bxc6 10. exd5 cxd5 11. f4 Ng4 12. Qf3 e4 13. Nxe4 dxe4 14. Bxe4 Nxe3
15. Bc6+ Kf8 16. Qxe3 Rb8 17. Kh1 Rxb2 18. Rfe1 Qc7 19. Rad1 Be6 20. f5 Qxc6 21.
fxe6 fxe6 22. Qxa7 Rxc2 23. Rf1+ Kg8 24. Rd8+ 1-0

[Event "European Rapid 2014"]
[Site "Wroclaw POL"]
[Date "2014.12.20"]
[Round "5.57"]
[White "Skytte, Rasmus"]
[Black "Adamowicz, Maciej"]
[Result "1-0"]
[WhiteTitle "IM"]
[WhiteElo "2424"]
[BlackElo "2072"]
[WhiteFideId "1404210"]
[BlackFideId "1176730"]
[EventDate "2014.12.20"]

1. e4 g6 2. d4 Bg7 3. Nc3 d6 4. Be3 a6 5. f4 Nd7 6. Nf3 e6 7. Bd3 Ne7 8. Qd2 b5
9. O-O Bb7 10. f5 e5 11. Bh6 O-O 12. dxe5 dxe5 13. a4 c6 14. fxg6 hxg6 15. Ne2
Nc5 16. Bxg7 Kxg7 17. Nxe5 Nxa4 18. Ng4 Ng8 19. b3 Qh4 20. Ne5 Nb6 21. Qe3 Nc8
22. Nd7 Re8 23. Qd4+ f6 24. g3 Qg5 25. h4 Qg4 26. Nxf6 Nxf6 27. Qxf6+ Kh6 28.
Rf4 Qh5 29. Rf5 1-0

[Event "European Rapid 2014"]
[Site "Wroclaw POL"]
[Date "2014.12.20"]
[Round "5.58"]
[White "Dobrowolski, Piotr"]
[Black "Balint, Vilmos"]
[Result "1-0"]
[WhiteTitle "IM"]
[WhiteElo "2434"]
[BlackElo "2181"]
[WhiteFideId "1106236"]
[BlackFideId "718050"]
[EventDate "2014.12.20"]

1. d4 Nf6 2. c4 e6 3. Nc3 d5 4. Nf3 Be7 5. Bf4 O-O 6. Rc1 c6 7. e3 Nbd7 8. Bd3
dxc4 9. Bxc4 b5 10. Bd3 Bb7 11. O-O a6 12. Ne4 Nxe4 13. Bxe4 Qb6 14. Ne5 Nxe5
15. Bxe5 Rac8 16. Qh5 f5 17. Bf3 c5 18. Bxb7 Qxb7 19. dxc5 Qd5 20. Bc3 Rxc5 21.
Rcd1 Qb7 22. a3 Rc4 23. Rd4 Bf6 24. Rxc4 bxc4 25. Bxf6 gxf6 26. Qe2 Qb3 27. Rc1
Rb8 28. g4 Kf7 29. gxf5 exf5 30. Qxc4+ Qxc4 31. Rxc4 Rxb2 32. Rc6 Kg6 33. Rxa6
f4 34. exf4 Kf5 35. Kg2 Rb3 36. a4 Ra3 37. a5 h5 38. Ra8 Kxf4 39. a6 Kg4 40. h3+
Kh4 41. a7 f5 42. Rf8 Rxa7 43. Rxf5 Ra3 44. Rf4+ Kg5 45. Rb4 h4 46. Rg4+ Kh5 47.
Rg8 Rb3 48. Re8 Kg5 49. Re5+ Kg6 50. Re3 Rb2 51. Kf3 Kg5 52. Re5+ Kg6 53. Re2
Rb4 54. Re4 Rb3+ 55. Kg4 Rb2 56. Rf4 Rb6 57. Kxh4 Kh6 58. Kg3 Kg5 59. h4+ Kh5
60. Rf5+ Kg6 61. Rg5+ Kh6 62. f4 Rb1 63. Kg4 Rb4 64. h5 Rb6 65. Re5 Ra6 66. Re4
Rb6 67. f5 Rb1 68. Re6+ Kh7 69. Kg5 Rg1+ 70. Kf6 Rh1 71. Ke7 Rxh5 72. f6 Ra5 73.
f7 Ra7+ 74. Kf6 Ra8 75. Re8 Ra6+ 76. Ke5 Ra1 1-0

[Event "European Rapid 2014"]
[Site "Wroclaw POL"]
[Date "2014.12.20"]
[Round "5.59"]
[White "Jagodzinski, Piotr"]
[Black "Brodowski, Piotr"]
[Result "0-1"]
[WhiteElo "2254"]
[BlackElo "2425"]
[WhiteFideId "1136593"]
[BlackFideId "1124480"]
[EventDate "2014.12.20"]

1. Nf3 g6 2. c4 Bg7 3. g3 c5 4. Bg2 Nc6 5. O-O a6 6. Nc3 Rb8 7. d3 b5 8. cxb5
axb5 9. Bf4 d6 10. Qc1 e5 11. Bg5 f6 12. Be3 Nge7 13. Re1 O-O 14. Nxb5 Nd5 15.
Qc4 Ne7 16. Ng5 Rxb5 17. Bxd5+ Kh8 18. Nf7+ Rxf7 19. Bxf7 Rb4 20. Qc2 Bb7 21. a3
Rb6 22. b4 Nf5 23. bxc5 Nxe3 24. fxe3 Qc7 25. Ba2 Bh6 26. Kf2 Qc8 27. Qc4 Qf5+ 0-1

[Event "European Rapid 2014"]
[Site "Wroclaw POL"]
[Date "2014.12.20"]
[Round "5.60"]
[White "Janaszak, Dawid"]
[Black "Bakin, Alexander"]
[Result "1-0"]
[WhiteTitle "FM"]
[BlackTitle "FM"]
[WhiteElo "2363"]
[BlackElo "2177"]
[WhiteFideId "1119206"]
[BlackFideId "4174038"]
[EventDate "2014.12.20"]

1. Nf3 c5 2. c4 b6 3. d4 cxd4 4. Nxd4 Bb7 5. Nc3 Nf6 6. Bg5 e6 7. Ndb5 d6 8. Bf4
e5 9. Bg5 a6 10. Bxf6 gxf6 11. Na3 b5 12. cxb5 d5 13. bxa6 Bc6 14. e3 Qa5 15.
Rc1 Rg8 16. Bb5 Bxa3 17. Qxd5 Rxa6 18. bxa3 Bxb5 19. Qxb5+ Ke7 20. Qb7+ Nd7 21.
O-O Rb8 22. Nd5+ Kd8 23. Qc7+ Qxc7 24. Nxc7 Rxa3 25. Rc2 Rb7 26. Rfc1 Ra5 27. e4
Nb6 28. g4 Rba7 29. Rc6 Kd7 30. Rxb6 Rxc7 31. Rxc7+ Kxc7 32. Rxf6 1-0

[Event "European Rapid 2014"]
[Site "Wroclaw POL"]
[Date "2014.12.20"]
[Round "5.61"]
[White "Sieciechowicz, Marcin"]
[Black "Pischikov, Vadim"]
[Result "1-0"]
[WhiteTitle "IM"]
[WhiteElo "2447"]
[BlackElo "2176"]
[WhiteFideId "1130170"]
[BlackFideId "4100280"]
[EventDate "2014.12.20"]

1. d4 Nf6 2. c4 e6 3. Nf3 d5 4. Nc3 Be7 5. Bg5 O-O 6. e3 Nbd7 7. Rc1 c6 8. a3 h6
9. Bh4 dxc4 10. Bxc4 b5 11. Ba2 a5 12. O-O b4 13. Ne2 bxa3 14. bxa3 Bxa3 15.
Rxc6 Bb7 16. Rc2 Be4 17. Rd2 Rc8 18. Ne5 Qc7 19. Nxd7 Nxd7 20. Ng3 Bg6 21. d5
exd5 22. Rxd5 Nb8 23. Qg4 Kh7 24. Nh5 f5 25. Qf3 Nc6 26. Bg3 Qb7 27. Bd6 Bxd6
28. Rxd6 Qc7 29. Rxg6 Kxg6 30. Nf4+ Kh7 31. Ne6 Qd6 32. Rd1 Qe7 33. Nxf8+ Qxf8
34. Be6 Rc7 35. Bxf5+ Kh8 36. Qg4 Ne7 37. Bb1 Ra7 38. Qe4 Kg8 39. Qh7+ Kf7 40.
Ba2+ Ke8 41. Qd3 1-0

[Event "European Rapid 2014"]
[Site "Wroclaw POL"]
[Date "2014.12.20"]
[Round "5.62"]
[White "Brzezinski, Mateusz"]
[Black "Sadzikowski, Daniel"]
[Result "0-1"]
[BlackTitle "IM"]
[WhiteElo "2125"]
[BlackElo "2492"]
[WhiteFideId "1177117"]
[BlackFideId "1132253"]
[EventDate "2014.12.20"]

1. d4 Nf6 2. c4 g6 3. f3 d5 4. cxd5 Nxd5 5. e4 Nb6 6. Nc3 Bg7 7. Be3 O-O 8. Qd2
Nc6 9. O-O-O Qd6 10. Nb5 Qd7 11. h4 a6 12. Nc3 Rd8 13. d5 Ne5 14. Bd4 Nbc4 15.
Qf4 c5 16. dxc6 Qxc6 17. Nh3 Bxh3 18. gxh3 Nxb2 19. Rd2 Rxd4 0-1

[Event "European Rapid 2014"]
[Site "Wroclaw POL"]
[Date "2014.12.20"]
[Round "5.63"]
[White "Konopka, Michal"]
[Black "Lercel, Michal"]
[Result "1-0"]
[WhiteTitle "IM"]
[WhiteElo "2418"]
[BlackElo "2222"]
[WhiteFideId "308633"]
[BlackFideId "1114700"]
[EventDate "2014.12.20"]

1. Nf3 Nf6 2. c4 g6 3. g3 Bg7 4. Bg2 O-O 5. O-O d6 6. d4 Nc6 7. Nc3 a6 8. b3 Bg4
9. Bb2 Rb8 10. d5 Bxf3 11. exf3 Na5 12. Qd2 c5 13. dxc6 bxc6 14. f4 Nd7 15. Rfe1
Re8 16. Na4 Bxb2 17. Nxb2 Qb6 18. Re3 Qb4 19. Qc2 Qa3 20. Ree1 Nc5 21. h4 Ne6
22. Qc3 c5 23. Rxe6 fxe6 24. Bh3 Kf7 25. Re1 Rf8 26. Bxe6+ Ke8 27. Qg7 Rb7 28.
Nd3 Qxa2 29. Qxh7 Nxb3 30. Qxg6+ Kd8 31. Bd5 Rc7 32. Qg7 Re8 33. h5 Qd2 34. Qg6
Nd4 35. h6 e6 36. Kg2 Rce7 37. h7 Kd7 38. f5 Nxf5 39. Bxe6+ Rxe6 40. Rxe6 Rxe6
41. Qxf5 Qh6 42. Nf4 1-0

[Event "European Rapid 2014"]
[Site "Wroclaw POL"]
[Date "2014.12.20"]
[Round "5.64"]
[White "Putka, Verners"]
[Black "Nowicki, Bartosz"]
[Result "1/2-1/2"]
[WhiteElo "2345"]
[BlackElo "2018"]
[WhiteFideId "11600659"]
[BlackFideId "1179730"]
[EventDate "2014.12.20"]

1. d4 f5 2. g3 Nf6 3. Bg2 e6 4. Nh3 d6 5. Nf4 Be7 6. c4 O-O 7. Nc3 c6 8. e4 e5
9. Nfe2 exd4 10. Qxd4 fxe4 11. Nxe4 Nxe4 12. Bxe4 Na6 13. Qd3 Bf5 14. Bxf5 Qa5+
15. Bd2 Qxf5 16. Qxf5 Rxf5 17. Be3 d5 18. O-O-O dxc4 19. Rd7 Bc5 20. Nd4 Bxd4
21. Rxd4 b5 22. Rhd1 Nb4 23. Rd8+ Rxd8 24. Rxd8+ Kf7 25. Rd7+ Kg6 26. Rxa7 Nd3+
27. Kc2 c5 28. b3 Nxf2 29. bxc4 Ng4 30. Bf4 bxc4 31. a4 Ne5 32. a5 Nc6 33. Ra8
Rf6 34. Kc3 Kf5 35. Kxc4 g5 36. Bc7 Kg4 37. Kxc5 Nxa5 38. Bxa5 Rf2 39. Bc7 Rxh2
40. Kd4 Re2 41. Ra4 Re7 42. Bd6 Re8 43. Kd5+ Kh3 44. Ra1 h5 45. Be5 h4 46. gxh4
gxh4 47. Ke4 Kg2 48. Ra2+ Kf1 49. Rh2 Ke1 50. Rxh4 Kd2 51. Rh2+ Ke1 52. Kd4 Kf1
53. Bf4 Re2 54. Rh5 Re8 55. Be3 Kg2 56. Kd3 Kf3 57. Rf5+ Kg4 58. Rf4+ Kh5 59.
Rf6 Kg4 60. Ke2 Rc8 61. Rf4+ Kh5 62. Kf3 Kg6 63. Bd4 Rc1 64. Kg4 Rc4 65. Rf6+
Kh7 66. Rd6 Kg8 67. Kf5 Kf7 68. Be5 Ke7 69. Rd3 Rc5 70. Ke4 Rb5 71. Kf5 Rb7 72.
Rc3 Kd7 73. Kf6 Rb6+ 74. Kf7 Rb7 75. Rd3+ Kc6+ 76. Ke6 Kc5 77. Rc3+ Kb4 78. Rc1
Kb5 79. Kd5 Rd7+ 80. Bd6 Rb7 81. Ra1 Rb6 82. Bc5 Rb7 83. Ra2 Rd7+ 84. Bd6 Rb7
85. Ra8 Rb6 86. Bc5 Rb7 87. Rd8 Ka4 88. Ra8+ Kb5 89. Ra3 Rd7+ 90. Bd6 Rb7 91.
Ra2 Rb6 92. Ra7 Ra6 93. Rc7 Rb6 94. Ra7 Ra6 95. Rb7+ Rb6 96. Rc7 Ka4 97. Rc3 Kb5
98. Rc5+ Ka4 99. Rc1 Kb5 100. Bc7 Rb7 101. Rc2 Ka4 102. Bd6 Kb3 103. Rf2 Rd7
104. Rf3+ Kc2 105. Ke5 Rb7 106. Kd4 Rd7 107. Rf2+ Kd1 108. Ke5 Ke1 109. Rb2 Rf7
110. Ke4 Rd7 111. Bf4 Re7+ 112. Kf3 Kd1 113. Rd2+ Ke1 114. Rc2 Rd7 115. Rc3 Rd8
116. Rc2 Rd7 117. Bg5 Rd6 118. Rc1+ Rd1 119. Bh4+ Kd2 120. Bg5+ Ke1 121. Rc7 Rd6
122. Rc2 Rd7 123. Be3 Rf7+ 124. Bf4 Rd7 125. Rc4 Rd8 126. Rc1+ Rd1 127. Rc2 Rd7
128. Rc4 1/2-1/2

[Event "European Rapid 2014"]
[Site "Wroclaw POL"]
[Date "2014.12.20"]
[Round "5.65"]
[White "Kowalczyk, Rafal"]
[Black "Matuszewski, Michal"]
[Result "1/2-1/2"]
[BlackTitle "IM"]
[WhiteElo "2180"]
[BlackElo "2459"]
[WhiteFideId "1133853"]
[BlackFideId "1129775"]
[EventDate "2014.12.20"]

1. e4 c5 2. c3 a6 3. d4 cxd4 4. cxd4 d5 5. exd5 Nf6 6. Nc3 Nxd5 7. Nf3 Nc6 8.
Bc4 e6 9. O-O Be7 10. Bxd5 exd5 11. Qb3 Be6 12. Bf4 Na5 13. Qc2 O-O 14. b3 Rc8
15. Qd3 Nc6 16. Rfe1 Re8 17. Rac1 g6 18. Ne5 Ba3 19. Rcd1 Bf5 20. Nxc6 Rxc6 21.
Rxe8+ Qxe8 22. Qf3 Qc8 23. Ne2 Bg4 24. Qd3 Qe6 25. f3 Bf5 26. Qe3 Rc2 27. Rd2
Rc6 28. Bh6 Qxe3+ 29. Bxe3 Bb4 30. Rb2 f6 31. g4 Ba3 32. Rd2 Bb1 33. Kf2 g5 34.
f4 h6 35. fxg5 hxg5 36. Ng3 Kf7 37. Re2 b5 38. Ke1 Bd3 39. Rf2 Ke7 40. Kd1 Bd6
41. Nh5 Rc3 42. Nxf6 Be4 43. Bxg5 Ke6 44. Re2 Rd3+ 45. Ke1 Bb4+ 46. Kf2 Rf3+ 47.
Kg1 Rxf6 48. Bxf6 Kxf6 49. Kf2 Kg5 50. Ke3 Kxg4 51. Rf2 a5 52. Rf6 a4 53. Rb6
axb3 54. axb3 Be7 55. Rxb5 Bg5+ 56. Ke2 Kf4 57. Rb8 Bf5 58. Kd2 Ke4+ 59. Kc3 Ke3
60. Rf8 Be4 61. b4 Bh4 62. b5 Be1+ 63. Kb3 Ba5 64. Ra8 Bb6 65. Ra6 Bc7 66. b6
Bxh2 67. b7 Kxd4 68. Ra8 Kd3 69. b8=Q Bxb8 70. Rxb8 1/2-1/2

[Event "European Rapid 2014"]
[Site "Wroclaw POL"]
[Date "2014.12.20"]
[Round "5.66"]
[White "Wieczorek, Oskar"]
[Black "Daudzvardis, Janis"]
[Result "1-0"]
[WhiteTitle "IM"]
[WhiteElo "2425"]
[BlackElo "2171"]
[WhiteFideId "1133950"]
[BlackFideId "11600160"]
[EventDate "2014.12.20"]

1. e4 g6 2. d4 c6 3. Nc3 d5 4. Nf3 Bg4 5. Be3 e6 6. h3 Bxf3 7. Qxf3 Bg7 8. O-O-O
Ne7 9. g4 b5 10. Kb1 Nd7 11. h4 h5 12. gxh5 Rxh5 13. Ne2 dxe4 14. Qxe4 Nf6 15.
Qd3 Nf5 16. Bg5 Qd7 17. Bg2 Nd5 18. Ng3 Rh8 19. c3 f6 20. Bc1 Kf7 21. h5 g5 22.
Ne4 Rae8 23. Nc5 Qc8 24. Be4 Bf8 25. Nxe6 Rxe6 26. Bxf5 Nc7 27. Bxe6+ Nxe6 28.
Qg6+ Ke7 29. Rde1 Rh6 30. Qf5 Qd7 31. Re2 Kf7 32. Bxg5 Nc5 33. Qxd7+ Nxd7 34.
Bxh6 Bxh6 1-0

[Event "European Rapid 2014"]
[Site "Wroclaw POL"]
[Date "2014.12.20"]
[Round "6.1"]
[White "Kovalenko, Igor"]
[Black "Miton, Kamil"]
[Result "1-0"]
[WhiteTitle "GM"]
[BlackTitle "GM"]
[WhiteElo "2653"]
[BlackElo "2601"]
[WhiteFideId "14117908"]
[BlackFideId "1111914"]
[EventDate "2014.12.20"]

1. d4 d5 2. c4 c6 3. Nc3 Nf6 4. Nf3 e6 5. e3 Nbd7 6. Qc2 Bd6 7. b3 O-O 8. Bb2 b6
9. Bd3 Bb7 10. O-O Qe7 11. Rfe1 Ba3 12. Bxa3 Qxa3 13. Ne5 Rfd8 14. Rab1 Qd6 15.
f4 c5 16. cxd5 exd5 17. Qf2 cxd4 18. exd4 Nf8 19. Re3 a6 20. Qh4 Rac8 21. Ne2 b5
22. Rf1 Ne4 23. Rh3 f6 24. Ng4 Re8 25. Ng3 Rc7 26. Bxe4 dxe4 27. Nf5 Qb6 28.
Nge3 Qe6 29. Qh5 Rd8 30. Rg3 g6 31. Nh6+ Kh8 32. f5 gxh5 33. fxe6 Nxe6 34. Rxf6
Nxd4 35. Rg5 Bc8 36. Nf7+ Rxf7 37. Rxf7 Be6 38. Rf6 a5 39. h4 b4 40. Re5 Bg8 41.
Rxa5 Ne2+ 42. Kh2 Rd3 43. Nf5 Nf4 44. Ne7 Nd5 45. Nxd5 Bxd5 46. Ra7 Bg8 47. Rf8 1-0

[Event "European Rapid 2014"]
[Site "Wroclaw POL"]
[Date "2014.12.20"]
[Round "6.2"]
[White "Wojtaszek, Radoslaw"]
[Black "Moranda, Wojciech"]
[Result "1-0"]
[WhiteTitle "GM"]
[BlackTitle "GM"]
[WhiteElo "2744"]
[BlackElo "2591"]
[WhiteFideId "1118358"]
[BlackFideId "1122401"]
[EventDate "2014.12.20"]

1. d4 d5 2. c4 e6 3. Nc3 c5 4. cxd5 exd5 5. Nf3 Nc6 6. dxc5 d4 7. Na4 Bxc5 8.
Nxc5 Qa5+ 9. Bd2 Qxc5 10. Rc1 Qb6 11. e3 Nf6 12. Bc4 dxe3 13. Bxe3 Qb4+ 14. Bd2
Qe7+ 15. Be2 O-O 16. O-O Bg4 17. Re1 Qd7 18. h3 Bh5 19. Bc3 Qxd1 20. Rexd1 Rfe8
21. Bb5 Bxf3 22. gxf3 Re6 23. Bxf6 Rxf6 24. Rd7 g6 25. Rxb7 Nd4 26. Rcc7 Nxf3+
27. Kf1 Rd8 28. Rd7 Rc8 29. Rdc7 Rd8 30. Bd7 Ne5 31. Rxa7 Nd3 32. Ke2 Nxf2 33.
b4 Ne4 34. Rc8 Rxc8 35. Bxc8 Rd6 36. Ke3 Nc3 37. a3 f5 38. Rd7 Rb6 39. Rd3 Ne4
40. Rd4 Kf7 41. a4 Kf6 42. a5 Rb8 43. Bd7 Ke5 44. a6 Rd8 45. Rd3 f4+ 1-0

[Event "European Rapid 2014"]
[Site "Wroclaw POL"]
[Date "2014.12.20"]
[Round "6.3"]
[White "Bologan, Viktor"]
[Black "Shimanov, Aleksandr"]
[Result "0-1"]
[WhiteTitle "GM"]
[BlackTitle "GM"]
[WhiteElo "2643"]
[BlackElo "2591"]
[WhiteFideId "13900048"]
[BlackFideId "4198603"]
[EventDate "2014.12.20"]

1. e4 e5 2. Nf3 Nc6 3. Bc4 Bc5 4. O-O Nf6 5. d3 O-O 6. h3 d6 7. c3 Ne7 8. Re1
Ng6 9. Bb3 Re8 10. Nbd2 Be6 11. Bc2 d5 12. exd5 Bxd5 13. b4 Bf8 14. Ne4 Nh5 15.
d4 exd4 16. Nxd4 Nhf4 17. Bxf4 Nxf4 18. Qg4 Ng6 19. Nf5 Bxe4 20. Bxe4 c6 21. Re3
Qf6 22. Rae1 Ne5 23. Qg3 Nc4 24. R3e2 g6 25. Bc2 Rxe2 26. Rxe2 Rd8 27. Qf4 Qxc3
28. Bb3 Nd6 29. Ne7+ Kg7 30. Re5 Rd7 31. Qg5 f6 32. Qg4 Qa1+ 0-1